Liedtext-Digimon 03- Der größte Träumer - Statistiken

Allgemein
  • Dieses Quiz wurde 130 mal gespielt
  • Das Durchschnittsergebnis liegt bei 209 aus 286
Antwortstatistiken
Antwort % Korrekt
traum
100%
Traum
100%
Träume
98%
bin
96%
ein
96%
großer
96%
Ich
96%
ich
96%
nur
96%
der
95%
es
95%
Träumer
95%
wahr
95%
werd
93%
Tag
91%
weiß
91%
mein
89%
werden
89%
doch
87%
Doch
87%
meine
87%
dann
85%
kommt
85%
und
85%
den
84%
irgendwann
82%
an
78%
hab
78%
in
78%
ist
78%
was
78%
Ziel
78%
ziel
78%
zu
78%
kein
76%
wird
76%
geht
75%
weit
75%
wie
75%
mir
73%
muss
73%
nicht
73%
sein
73%
dein
71%
erreichen
71%
für
71%
gelebt
69%
hinein
69%
jetzt
69%
Zeit
69%
auch
67%
Augenblick
67%
mich
67%
mit
67%
noch
67%
verlier
67%
verlieren
67%
wichtig
67%
worum
67%
Zurück
67%
du
65%
früher
65%
gibt
65%
so
65%
Träumen
65%
wirklich
65%
darf
64%
kann
64%
passieren
64%
Weg
64%
wusst
64%
fängt
62%
keine
62%
nachgedacht
62%
auf
60%
Schritt
60%
um
60%
die
58%
habe
58%
lang
58%
viel
58%
aus
56%
bereit
56%
dir
56%
erreicht
56%
fliegen
56%
Gedanken
56%
höher
56%
bald
55%
wenn
55%
erkennen
53%
immer
53%
sie
53%
weiter
53%
Flügel
51%
lern
51%
tief
51%
breiten
49%
endlich
49%
erreichst
49%
ihre
49%
Ihre
49%
gebraucht
45%
dreamer
44%
klar
44%
ob
44%
oder
44%
Big
42%
Niemand
42%
sagen
42%
Antwort
40%
biggest
40%
Fragen
40%
and
38%
bigger
38%
gewinn
38%
kommen
38%
such
38%
finden
36%
eine
35%
irgendwie
33%
irgendwo
33%
lebt
33%
neue
27%
wartet
27%
Chance
25%
Keine übereinstimmenden Quizze gefunden
Verteilung der Resultate
Anzahl Personen mit jedem Resultat
Perzentil nach korrekt beantworteten Fragen
Ihre Resultats-Entwicklung
Sie haben dieses Quiz noch nicht gespielt